00678 2200229 4500001002100000005001500021035002000036007000300056008004100059020002200100082001100122084001700133100003700150245009000187250002300277300001600300700002900316264003600345336002100381337001900402338002700421INLIS00000000000012920241021125836 a0010-1024000020ta241021 c 0 ind  a978-602-5400-58-2 a297.63 a297.63 HAM p0 aHamida Rahmad AdijayaePengarang1 aPendidikan Tarikh SMP Muhammadiyah Kelas VIII /cHamida Rahmad Adijaya, Fauzi Nugroho acetakan 2, Jilid 2 a160 :bilus0 aFauzi NugrohoePengarang aYogyakarta :bGramasurya,c2019 2rdacontentateks 2rdamediaaBuku 2rdacarrieraSoft Cover